[Event "EU-ch Amateur Online Final 2000/2300"]
[Site "Tornelo INT"]
[Date "2021.04.28"]
[Round "1"]
[White "Korensky, Sergey"]
[Black "Marinidis, Stavros"]
[Result "1-0"]
[WhiteElo "2032"]
[BlackElo "1003"]
[PlyCount "49"]
[EventDate "2021.04.28"]
[EventType "swiss (rapid)"]
[EventRounds "9"]
[EventCountry "NET"]
[SourceTitle "EXT 2023"]
[Source "ChessBase"]
[SourceDate "2022.10.05"]
[SourceVersion "1"]
[SourceVersionDate "2022.10.05"]
[SourceQuality "1"]

1. e4 e5 2. Nf3 Nc6 3. Bc4 Nf6 4. d3 Bc5 5. c3 d6 6. a4 a5 7. Qe2 Bg4 8. h3 Bxf3 9. Qxf3 0-0 10. Nd2 h6 11. g4 Ne7 12. Nf1 Ng6 13. h4 Qd7 14. h5 Ne7 15. Rg1 d5 16. Bb3 dxe4 17. dxe4 Qc6 18. Bc2 Nh7 19. g5 Nxg5 20. Bxg5 hxg5 21. Rxg5 Bd6 22. Qf6 g6 23. h6 Nf5 24. Rxf5 Rfe8 25. Qg7# 1-0

[Event "Tambov Korensky Memorial 29th"]
[Site "Tambov"]
[Date "2020.08.30"]
[Round "2"]
[White "Popov, Tikhon1111"]
[Black "Korensky, Sergey"]
[Result "0-1"]
[WhiteElo "1771"]
[BlackElo "2029"]
[PlyCount "81"]
[EventDate "2020.08.29"]
[EventType "swiss"]
[EventRounds "9"]
[EventCountry "RUS"]
[SourceTitle "EXT 2021"]
[Source "ChessBase"]
[SourceDate "2020.10.23"]
[SourceVersion "1"]
[SourceVersionDate "2020.10.23"]
[SourceQuality "1"]

1. e4 e5 2. Nf3 Nc6 3. Bb5 a6 4. Ba4 Nf6 5. 0-0 Be7 6. d4 exd4 7. e5 Ne4 8. Re1 Nc5 9. Bxc6 dxc6 10. Qxd4 Bf5 11. Na3 Ne6 12. Qc4 Qd5 13. Qxd5 cxd5 14. c3 c5 15. Be3 0-0 16. Rad1 Rfd8 17. h3 b5 18. g4 Bg6 19. Nh2 Rab8 20. f4 Be4 21. Nb1 Bh4 22. Rf1 d4 23. cxd4 cxd4 24. Bd2 Rdc8 25. Nf3 Bg3 26. f5 Nf4 27. Bxf4 Bxf4 28. Na3 Be3+ 29. Kg2 b4 30. Nb1 Rc2+ 31. Kg3 Rxb2 32. Nbd2 Bd3 33. Rfe1 Rxa2 34. Nb3 Bf2+ 35. Kf4 Bc2 36. Nbxd4 Bxd1 37. Rxd1 Bxd4 38. Nxd4 b3 39. e6 fxe6 40. fxe6 b2 41. Nc2 0-1

[Event "Tambov Korensky Memorial 27th"]
[Site "Tambov"]
[Date "2018.08.17"]
[Round "7"]
[White "Korensky, Sergey"]
[Black "Marjukov, Aleksey"]
[Result "0-1"]
[WhiteElo "2143"]
[BlackElo "2023"]
[PlyCount "98"]
[EventDate "2018.08.11"]
[EventType "swiss"]
[EventRounds "9"]
[EventCountry "RUS"]
[SourceTitle "CBM 186 Extra"]
[Source "ChessBase"]
[SourceDate "2018.08.24"]
[SourceVersion "1"]
[SourceVersionDate "2018.08.24"]
[SourceQuality "1"]

1. Nf3 d5 2. g3 Nf6 3. Bg2 g6 4. 0-0 Bg7 5. d3 0-0 6. Nbd2 Nbd7 7. c3 c6 8. e4 dxe4 9. Nxe4 e5 10. Nxf6+ Qxf6 11. d4 exd4 12. Nxd4 Nc5 13. Be3 Ne6 14. Nxe6 Bxe6 15. Bd4 Qe7 16. Bxg7 Kxg7 17. Qd4+ Kg8 18. Rfd1 Rfd8 19. Qe3 a5 20. Qe5 Re8 21. a3 Bb3 22. Qxe7 Rxe7 23. Re1 Rd7 24. Re2 Rad8 25. f4 Bc4 26. Rf2 Rd1+ 27. Rxd1 Rxd1+ 28. Bf1 Rb1 29. b4 axb4 30. cxb4 Ra1 31. Kg2 Bd5+ 32. Kh3 Be6+ 33. Kh4 Rxa3 34. Rb2 Kg7 35. Bg2 f6 36. Re2 Kf7 37. g4 Rb3 38. Re4 Bd5 39. Re2 Bxg2 40. Rxg2 Rxb4 41. Rd2 Ke6 42. Re2+ Kd5 43. Re7 Rxf4 44. Rxb7 h5 45. h3 hxg4 46. Kg3 g5 47. hxg4 c5 48. Rd7+ Kc4 49. Rd1 Kc3 0-1

[Event "Tambov Korensky Memorial 27th"]
[Site "Tambov"]
[Date "2018.08.15"]
[Round "5"]
[White "Korensky, Sergey"]
[Black "Geranichev, Mikhail"]
[Result "1/2-1/2"]
[WhiteElo "2143"]
[BlackElo "2030"]
[PlyCount "87"]
[EventDate "2018.08.11"]
[EventType "swiss"]
[EventRounds "9"]
[EventCountry "RUS"]
[SourceTitle "CBM 186 Extra"]
[Source "ChessBase"]
[SourceDate "2018.08.24"]
[SourceVersion "1"]
[SourceVersionDate "2018.08.24"]
[SourceQuality "1"]

1. e4 e6 2. d4 d5 3. e5 c5 4. c3 Qb6 5. a3 Bd7 6. b3 Nc6 7. Nf3 Rc8 8. dxc5 Bxc5 9. Ra2 a5 10. b4 axb4 11. axb4 Be7 12. Be3 Qc7 13. Bf4 g5 14. Nxg5 Bxg5 15. Bxg5 Qxe5+ 16. Be3 Nge7 17. b5 Nd8 18. Qd4 Qxd4 19. Bxd4 Rg8 20. g3 Nf5 21. Kd2 Ke7 22. Bd3 Nxd4 23. cxd4 f5 24. Re1 Kd6 25. Nc3 h5 26. h4 Nf7 27. Ra7 Rb8 28. Be2 Rh8 29. f4 Nd8 30. Bd3 Rg8 31. Re3 Rg7 32. Be2 Be8 33. Na4 Rc7 34. Rc3 Rxc3 35. Kxc3 Rc8+ 36. Kd2 Kc7 37. Nc5 Bg6 38. Ra3 Kd6 39. b6 Be8 40. Ra7 Kc6 41. Na4 Kd6 42. Nc5 Kc6 43. Na4 Kd6 44. Nc5 1/2-1/2

[Event "Tambov Pavlyutin Memorial 8th"]
[Site "Tambov"]
[Date "2018.05.26"]
[Round "7"]
[White "Korensky, Sergey"]
[Black "Kutyanina, Mariya"]
[Result "0-1"]
[WhiteElo "2163"]
[BlackElo "2003"]
[PlyCount "60"]
[EventDate "2018.05.23"]
[EventType "tourn"]
[EventRounds "9"]
[EventCountry "RUS"]
[SourceTitle "CBM 184 Extra"]
[Source "ChessBase"]
[SourceDate "2018.06.28"]
[SourceVersion "1"]
[SourceVersionDate "2018.06.28"]
[SourceQuality "1"]

1. e4 e6 2. Qe2 c5 3. Nf3 Nc6 4. g3 g6 5. Bg2 Bg7 6. c3 e5 7. Na3 Nge7 8. Nc4 0-0 9. Nd6 Qc7 10. Nxc8 Raxc8 11. d3 Rcd8 12. h4 h6 13. h5 g5 14. Be3 b6 15. 0-0-0 f5 16. Nxg5 f4 17. gxf4 exf4 18. Bd2 hxg5 19. d4 cxd4 20. Qc4+ Kh8 21. h6 Be5 22. cxd4 Bxd4 23. Bb4 Qe5 24. Rxd4 Nxd4 25. Kb1 f3 26. Bf1 d5 27. exd5 Rc8 28. Qd3 Nxd5 29. Bc3 Nxc3+ 30. bxc3 Ne2 0-1

[Event "Tambov Region-ch"]
[Site "Tambov"]
[Date "2018.02.22"]
[Round "3"]
[White "Sychev, Vitaly"]
[Black "Korensky, Sergey"]
[Result "1/2-1/2"]
[WhiteElo "2012"]
[BlackElo "2179"]
[PlyCount "40"]
[EventDate "2018.02.21"]
[EventType "swiss"]
[EventRounds "9"]
[EventCountry "RUS"]
[SourceTitle "CBM 183 Extra"]
[Source "ChessBase"]
[SourceDate "2018.04.19"]
[SourceVersion "1"]
[SourceVersionDate "2018.04.19"]
[SourceQuality "1"]

1. e4 e5 2. Nf3 Nc6 3. Bc4 Bc5 4. d3 d6 5. Be3 Bxe3 6. fxe3 Nf6 7. Nc3 Na5 8. Bb3 Nxb3 9. axb3 Ng4 10. Qd2 Nh6 11. 0-0 c6 12. h3 0-0 13. g4 f6 14. Qg2 Nf7 15. Nh4 g6 16. Qg3 Kg7 17. Rf2 Ng5 18. Raf1 Qd7 19. Nf3 Nxf3+ 20. Rxf3 h6 1/2-1/2

[Event "Tambov Region-ch"]
[Site "Tambov"]
[Date "2018.02.21"]
[Round "7"]
[White "Pishchalnikov, Roman A"]
[Black "Korensky, Sergey"]
[Result "0-1"]
[WhiteElo "1839"]
[BlackElo "2179"]
[PlyCount "104"]
[EventDate "2018.02.21"]
[EventType "swiss"]
[EventRounds "9"]
[EventCountry "RUS"]
[SourceTitle "CBM 183 Extra"]
[Source "ChessBase"]
[SourceDate "2018.04.19"]
[SourceVersion "1"]
[SourceVersionDate "2018.04.19"]
[SourceQuality "1"]

1. d4 Nf6 2. c4 g6 3. Nc3 Bg7 4. e4 d6 5. Nf3 0-0 6. Be2 e5 7. dxe5 dxe5 8. Qxd8 Rxd8 9. Nxe5 Re8 10. f4 Nxe4 11. Nxe4 f6 12. Nxf6+ Bxf6 13. 0-0 Nd7 14. Bf3 Nxe5 15. fxe5 Bxe5 16. Bd5+ Be6 17. Bxb7 Rab8 18. Bd5 Bxd5 19. cxd5 Rb5 20. Bf4 Rxb2 21. Rad1 Bxf4 22. Rxf4 Ree2 23. h4 Rxg2+ 24. Kf1 Rh2 25. Kg1 Rbg2+ 26. Kf1 Rxa2 27. Kg1 Rag2+ 28. Kf1 Rc2 29. Kg1 Rhg2+ 30. Kf1 Rgd2 31. Rxd2 Rxd2 32. Rc4 Rxd5 33. Rxc7 Rh5 34. Rxa7 Rxh4 35. Kg2 Rf4 36. Kg3 Rf7 37. Ra6 Kg7 38. Kh4 h5 39. Kg5 Rf5+ 40. Kh4 Rf4+ 41. Kg3 Rf6 42. Ra7+ Kh6 43. Ra8 Kg5 44. Ra4 h4+ 45. Rxh4 Rf3+ 46. Kxf3 Kxh4 47. Kg2 Kg4 48. Kh2 Kf3 49. Kh3 g5 50. Kh2 g4 51. Kg1 Kg3 52. Kh1 Kf2 0-1

[Event "Tambov Korensky Memorial 26th"]
[Site "Tambov"]
[Date "2017.08.20"]
[Round "2"]
[White "Balashov, Yuri S"]
[Black "Korensky, Sergey"]
[Result "1-0"]
[WhiteElo "2451"]
[BlackElo "2194"]
[PlyCount "91"]
[EventDate "2017.08.19"]
[EventType "swiss"]
[EventRounds "9"]
[EventCountry "RUS"]
[SourceTitle "CBM 180 Extra"]
[Source "ChessBase"]
[SourceDate "2017.10.06"]
[SourceVersion "1"]
[SourceVersionDate "2017.10.06"]
[SourceQuality "1"]

1. e4 e5 2. Nf3 Nc6 3. Bc4 Bc5 4. c3 Qe7 5. 0-0 d6 6. d3 Nf6 7. a4 a5 8. Nbd2 0-0 9. h3 Kh8 10. Re1 Be6 11. Qb3 Ra6 12. Nf1 Rb6 13. Qc2 Bxc4 14. dxc4 Nh5 15. Be3 Nf4 16. Bxc5 dxc5 17. Ne3 Nd8 18. Kh2 h5 19. Nd5 Nxd5 20. exd5 Qd6 21. Kg1 Re8 22. Re2 g6 23. Rae1 Kg7 24. Rxe5 Rxe5 25. Rxe5 Qf6 26. h4 Rd6 27. Qe4 b6 28. Re8 Rd7 29. Qe5 Qxe5 30. Nxe5 Rd6 31. Nd3 c6 32. Nf4 Kf6 33. g3 cxd5 34. cxd5 Kf5 35. c4 f6 36. Re7 g5 37. Nxh5 gxh4 38. gxh4 Kg4 39. Ng7 f5 40. h5 f4 41. Ne6 Kxh5 42. Nxf4+ Kg4 43. Ne6 Kf3 44. Kf1 Nc6 45. Ng5+ Kg4 46. Rg7 1-0

[Event "Tambov Korensky Memorial 25th"]
[Site "Tambov"]
[Date "2016.08.22"]
[Round "3"]
[White "Skomorokhov, Kirill"]
[Black "Korensky, Sergey"]
[Result "1/2-1/2"]
[WhiteElo "1895"]
[BlackElo "2214"]
[PlyCount "66"]
[EventDate "2016.08.20"]
[EventType "swiss"]
[EventRounds "9"]
[EventCountry "RUS"]
[SourceTitle "CBM 174 Extra"]
[Source "ChessBase"]
[SourceDate "2016.10.10"]
[SourceVersion "1"]
[SourceVersionDate "2016.10.10"]
[SourceQuality "1"]

1. e4 e5 2. Nf3 Nc6 3. Nc3 Nf6 4. Bb5 Bb4 5. 0-0 0-0 6. d3 Bxc3 7. bxc3 Qe7 8. Bg5 h6 9. Bh4 d6 10. Re1 a6 11. Bxc6 bxc6 12. Rb1 Qe6 13. Bxf6 Qxf6 14. c4 Bg4 15. h3 Bd7 16. Qe2 Qd8 17. Rb3 f5 18. exf5 Rxf5 19. d4 exd4 20. Nxd4 Re5 21. Re3 Rxe3 22. Qxe3 Qf6 23. Nb3 Re8 24. Qd2 Rxe1+ 25. Qxe1 Qg6 26. Qc3 c5 27. Nd2 Bf5 28. Nf1 Bxc2 29. Ne3 Be4 30. Qa5 Qf6 31. Qxa6 Qa1+ 32. Kh2 Qe5+ 33. Kg1 Qa1+ 1/2-1/2

[Event "Tambov Region-ch"]
[Site "Tambov"]
[Date "2016.03.05"]
[Round "8"]
[White "Korensky, Sergey"]
[Black "Matveev, Mikhail"]
[Result "1-0"]
[WhiteElo "2221"]
[BlackElo "1955"]
[PlyCount "117"]
[EventDate "2016.03.02"]
[EventType "swiss"]
[EventRounds "9"]
[EventCountry "RUS"]
[SourceTitle "CBM 171 Extra"]
[Source "ChessBase"]
[SourceDate "2016.04.26"]
[SourceVersion "1"]
[SourceVersionDate "2016.04.26"]
[SourceQuality "1"]

1. e4 c5 2. Nf3 Nc6 3. Nc3 Nf6 4. d4 cxd4 5. Nxd4 e5 6. Ndb5 d6 7. Bg5 a6 8. Bxf6 gxf6 9. Na3 b5 10. Nd5 f5 11. Bd3 Be6 12. 0-0 Bg7 13. Qh5 f4 14. c4 b4 15. Nc2 a5 16. Rad1 0-0 17. b3 Rb8 18. h3 Kh8 19. Kh2 Ne7 20. Ne1 Bxd5 21. cxd5 Rc8 22. Nf3 h6 23. Nh4 Rc3 24. g3 Ng6 25. Nf5 Kh7 26. Rg1 fxg3+ 27. fxg3 Qc7 28. Rg2 f6 29. Qe2 Ne7 30. Ne3 Rc5 31. Nc4 Nc8 32. Rf2 Qf7 33. Qg4 Bh8 34. Qf5+ Qg6 35. Be2 Qxf5 36. Rxf5 Bg7 37. Rf2 Rd8 38. Bg4 Na7 39. a4 bxa3 40. Nxa3 Nb5 41. Nxb5 Rxb5 42. Ra1 Rxb3 43. Rxa5 Rdb8 44. Ra7 R3b7 45. Rxb7 Rxb7 46. Bf5+ Kg8 47. Rc2 Kf7 48. h4 Ke7 49. Kh3 Kf7 50. Kg4 Bf8 51. Kh5 Ra7 52. Bc8 Bg7 53. Be6+ Ke7 54. Kg6 Bf8 55. g4 Rb7 56. Rc8 Rb4 57. Bf5 Rb7 58. Kh7 h5 59. gxh5 1-0

[Event "Tambov Region-ch"]
[Site "Tambov"]
[Date "2016.03.04"]
[Round "5"]
[White "Kutyanina, Mariya"]
[Black "Korensky, Sergey"]
[Result "0-1"]
[WhiteElo "1708"]
[BlackElo "2221"]
[PlyCount "122"]
[EventDate "2016.03.02"]
[EventType "swiss"]
[EventRounds "9"]
[EventCountry "RUS"]
[SourceTitle "CBM 171 Extra"]
[Source "ChessBase"]
[SourceDate "2016.04.26"]
[SourceVersion "1"]
[SourceVersionDate "2016.04.26"]
[SourceQuality "1"]

1. e4 e5 2. Nc3 Nc6 3. g3 Bc5 4. Bg2 d6 5. Nge2 a6 6. 0-0 h5 7. d3 h4 8. Qd2 hxg3 9. hxg3 f6 10. Nd5 Nh6 11. c3 Ba7 12. d4 Ng4 13. Ne3 Nxe3 14. fxe3 Bg4 15. Kf2 Qd7 16. Ke1 0-0-0 17. b4 Rh2 18. Rf2 Rdh8 19. Ng1 Qe8 20. a4 Nd8 21. b5 a5 22. c4 exd4 23. Qd3 Qe5 24. Ra3 Ne6 25. Ne2 Bxe2 26. Qxe2 dxe3 27. Bxe3 Qxg3 28. Kd1 Bxe3 29. Rxe3 Qe5 30. Ra3 Qd4+ 31. Qd2 Qxc4 32. Qxa5 Qd4+ 33. Qd2 b6 34. Ra2 Qxd2+ 35. Rfxd2 Kd7 36. Rac2 Ke7 37. Rf2 Nc5 38. Rfe2 R2h5 39. Bf3 Re5 40. Bg4 Ra8 41. Bf5 Rxa4 42. Rg2 Kf8 43. Rh2 Ra1+ 44. Kd2 d5 45. Rh8+ Kf7 46. Rc8 Ra7 47. Bh7 dxe4 48. Bg8+ Ke7 49. Ke3 Ra3+ 50. Ke2 Kd7 51. Rf8 Re7 52. Bh7 Kd6 53. Rd8+ Ke5 54. Bg8 Rd3 55. Rc8 f5 56. Bc4 f4 57. Rh8 g5 58. Rh5 Rg3 59. Rd2 Rg2+ 60. Ke1 Rxd2 61. Kxd2 Kd4 0-1

[Event "Tambov Region-ch"]
[Site "Tambov"]
[Date "2016.03.02"]
[Round "2"]
[White "Korensky, Sergey"]
[Black "Dikov, Alexander I"]
[Result "1-0"]
[WhiteElo "2221"]
[BlackElo "1931"]
[PlyCount "71"]
[EventDate "2016.03.02"]
[EventType "swiss"]
[EventRounds "9"]
[EventCountry "RUS"]
[SourceTitle "CBM 171 Extra"]
[Source "ChessBase"]
[SourceDate "2016.04.26"]
[SourceVersion "1"]
[SourceVersionDate "2016.04.26"]
[SourceQuality "1"]

1. e4 c5 2. Nf3 d6 3. d4 cxd4 4. Nxd4 Nf6 5. Nc3 a6 6. g3 e6 7. Bg2 Be7 8. 0-0 0-0 9. b3 Qc7 10. Bb2 Bd7 11. h3 Nc6 12. Nde2 b5 13. a3 Rad8 14. Nf4 Bc8 15. Re1 Bb7 16. Qe2 Rfe8 17. Rad1 Ne5 18. Nb1 Rc8 19. Rc1 Qb6 20. Nd3 Nc6 21. Nf4 Rc7 22. Nd2 e5 23. Nd5 Nxd5 24. exd5 Na5 25. Kh1 Rec8 26. Nf1 Bg5 27. f4 Bh6 28. Ne3 g6 29. Ng4 Bg7 30. fxe5 dxe5 31. Bxe5 Re7 32. Qd2 Rce8 33. Bxg7 Kxg7 34. d6 Re6 35. Qh6+ Kg8 36. Nf6+ 1-0

[Event "Tambov Korensky Memorial 24th"]
[Site "Tambov"]
[Date "2015.08.30"]
[Round "9"]
[White "Korensky, Sergey"]
[Black "Najdin, Danil"]
[Result "0-1"]
[WhiteElo "2257"]
[BlackElo "2261"]
[PlyCount "86"]
[EventDate "2015.08.22"]
[EventType "swiss"]
[EventRounds "9"]
[EventCountry "RUS"]
[SourceTitle "EXT 2016"]
[Source "ChessBase"]
[SourceDate "2015.10.08"]
[SourceVersion "1"]
[SourceVersionDate "2015.10.08"]
[SourceQuality "1"]

1. e4 e5 2. Nf3 Nc6 3. Bb5 a6 4. Ba4 Nf6 5. d3 b5 6. Bb3 Bc5 7. a4 b4 8. Nxe5 Nxe5 9. d4 Bxd4 10. Qxd4 d6 11. a5 0-0 12. Qxb4 c5 13. Qb6 Qe7 14. 0-0 Bg4 15. f4 Ned7 16. Qc6 Be2 17. e5 Bxf1 18. exf6 Qe1 19. Bxf7+ Rxf7 20. Qxa8+ Nf8 21. Bd2 Qd1 22. h3 gxf6 23. Kh2 Rg7 24. Qd5+ Kh8 25. g4 Bxh3 26. g5 fxg5 27. Na3 Qh5 28. f5 Bxf5+ 29. Kg1 Qg4+ 30. Qg2 Qxg2+ 31. Kxg2 Re7 32. Bc3+ Kg8 33. Rd1 d5 34. Bf6 Re6 35. Bd8 Ng6 36. Bxg5 Ne5 37. Kg3 Be4 38. c3 Rg6 39. Kf4 Nd3+ 40. Rxd3 Bxd3 41. b4 cxb4 42. cxb4 Kf7 43. Bh4 Re6 0-1

[Event "Tambov Pavlyutin Memorial 5th"]
[Site "Tambov"]
[Date "2015.06.28"]
[Round "9"]
[White "Korensky, Sergey"]
[Black "Shvadchenko, Grigory F"]
[Result "1-0"]
[WhiteElo "2227"]
[BlackElo "1919"]
[PlyCount "133"]
[EventDate "2015.06.24"]
[EventType "tourn"]
[EventRounds "9"]
[EventCountry "RUS"]
[SourceTitle "CBM 167 Extra"]
[Source "ChessBase"]
[SourceDate "2015.09.14"]
[SourceVersion "1"]
[SourceVersionDate "2015.09.14"]
[SourceQuality "1"]

1. e4 e6 2. d4 b6 3. Nf3 Bb7 4. Bd3 c5 5. c3 cxd4 6. cxd4 Bb4+ 7. Bd2 Bxd2+ 8. Nbxd2 Nf6 9. Qe2 0-0 10. 0-0 h6 11. a3 a5 12. Rfc1 Ba6 13. Bxa6 Nxa6 14. Qb5 d5 15. e5 Ne4 16. Rc6 Nb8 17. Rxb6 Nd7 18. Rb7 Nxd2 19. Nxd2 Nb8 20. f4 Qc8 21. Nf3 Qc2 22. Qb3 Qe4 23. g3 Nc6 24. Rd1 a4 25. Qd3 Na5 26. Rb4 Qxd3 27. Rxd3 Nc4 28. Nd2 Nxd2 29. Rxd2 Rfb8 30. Rxb8+ Rxb8 31. Rc2 g6 32. Kf1 h5 33. Ke1 Kg7 34. b4 axb3 35. Rb2 f6 36. Kd2 fxe5 37. fxe5 Rf8 38. Kc3 Rf3+ 39. Kb4 Rd3 40. Kc5 Kf7 41. a4 Ke7 42. a5 Kd7 43. a6 Kc7 44. a7 Rc3+ 45. Kb4 Rc4+ 46. Kxb3 Kb7 47. Ra2 Ka8 48. Ra4 Rc6 49. Kb2 g5 50. h3 h4 51. gxh4 gxh4 52. Kb3 Rb6+ 53. Kc2 Rc6+ 54. Kd2 Rb6 55. Ra3 Rb1 56. Ke3 Rg1 57. Kf4 Rd1 58. Kg5 Rxd4 59. Kf6 Re4 60. Kxe6 d4 61. Ra4 Re3 62. Rxd4 Rxh3 63. Kd6 Kxa7 64. e6 Re3 65. Rxh4 Rd3+ 66. Ke5 Rd8 67. e7 1-0

[Event "Tambov Korensky Memorial 23rd"]
[Site "Tambov"]
[Date "2014.08.26"]
[Round "4"]
[White "Korensky, Sergey"]
[Black "Petrov, Alexander V"]
[Result "1-0"]
[WhiteElo "2245"]
[BlackElo "2050"]
[PlyCount "75"]
[EventDate "2014.08.23"]
[EventType "swiss"]
[EventRounds "9"]
[EventCountry "RUS"]
[SourceTitle "EXT 2015"]
[Source "ChessBase"]
[SourceDate "2014.11.20"]
[SourceVersion "1"]
[SourceVersionDate "2014.11.20"]
[SourceQuality "1"]

1. e4 e5 2. Nf3 Nc6 3. Bb5 a6 4. Ba4 Nf6 5. Qe2 Be7 6. c3 b5 7. Bb3 0-0 8. 0-0 d6 9. a4 Rb8 10. axb5 axb5 11. d4 exd4 12. Nxd4 Nxd4 13. cxd4 Be6 14. d5 Bd7 15. Na3 c6 16. f3 cxd5 17. exd5 Re8 18. Qd3 g6 19. Be3 Nh5 20. g4 Ng7 21. Nc2 Bf6 22. Nd4 Be5 23. Rf2 Qh4 24. Rg2 Qh3 25. Qd2 h5 26. gxh5 Nxh5 27. Nc6 Ra8 28. Rf1 Bg7 29. Bg5 Nf6 30. Qf4 Qf5 31. Qxd6 Bxc6 32. dxc6 Rad8 33. Qc7 Nh7 34. Bxd8 Bd4+ 35. Kh1 Nf8 36. Qxf7+ Qxf7 37. Bxf7+ Kxf7 38. c7 1-0

[Event "Tambov Korensky Memorial 23rd"]
[Site "Tambov"]
[Date "2014.08.23"]
[Round "1"]
[White "Sviridova, Olga Borisovna"]
[Black "Korensky, Sergey"]
[Result "1/2-1/2"]
[WhiteElo "1947"]
[BlackElo "2245"]
[PlyCount "68"]
[EventDate "2014.08.23"]
[EventType "swiss"]
[EventRounds "9"]
[EventCountry "RUS"]
[SourceTitle "EXT 2015"]
[Source "ChessBase"]
[SourceDate "2014.11.20"]
[SourceVersion "1"]
[SourceVersionDate "2014.11.20"]
[SourceQuality "1"]

1. e4 e5 2. Nf3 Nc6 3. d4 exd4 4. Nxd4 Bc5 5. Nb3 Bb6 6. Nc3 Qf6 7. Qe2 Nge7 8. Be3 0-0 9. 0-0-0 d6 10. Kb1 Be6 11. Nb5 Rfc8 12. h4 h6 13. f3 Ne5 14. Qe1 Bc4 15. Nd2 Bxf1 16. Nxf1 Nc4 17. Bc1 a6 18. Nc3 Ba5 19. Rd3 Nc6 20. Qg3 Bxc3 21. Rxc3 b5 22. Ne3 Nxe3 23. Rxe3 Nd4 24. Rd1 b4 25. e5 dxe5 26. Qxe5 Qxe5 27. Rxe5 Ne6 28. Rd7 Rd8 29. Red5 Rxd7 30. Rxd7 Kf8 31. Bd2 Ke8 32. Rd5 c5 33. c3 bxc3 34. Bxc3 Rd8 1/2-1/2